000 00290nam a22001337a 4500
008 170420b xxu||||| |||| 00| 0 eng d
020 _a928852
041 _aeng
080 _a573
100 _a11
101 _aSHM
245 _aHUMAN BIOLOGY AND BEHAVIOUR
_cWEISS, M.L
942 _2udc
_cBK
999 _c11370
_d11370